000 00589nam a2200181Ia 4500
003 GCL
008 140319s9999 xx 000 0 ara d
040 _aGCL /
_cGCL
082 0 4 _a791.435
_bع م
100 1 _aكمال الملاخ
245 1 0 _aموجز تاريخ السينما المصرية (هدية من الاديب عبدالفتاح الجمل) /
_cكمال الملاخ
700 1 _aعبدالمنعم سعد
300 _a77 ص
490 _a
650 0 4 _aالافلام السينمائية
650 0 4 _aالسينما المصرية - تاريخ
942 _2ddc
_cBK
999 _c38133
_d38133